000 00581nam a2200217Ia 4500
003 OSt
005 20220926044527.0
006 a|||||r|||| 00| 0
007 ta
008 220923b |||||||| |||| 00| 0 eng d
037 _cGeneral Book
040 _aRTL
_cRTL
_beng
041 _2eng
_aeng
082 _aX9(D65)2,W,BEL, J9/GD
110 _aINDIA, LOK SABHA, ESTIMATES (Committee)
245 0 _aReport
260 _c1959
700 _aINDIA, LOK SABHA, ESTIMATES (Committee)
942 _hX9(D65)2,W,BEL, J9/GD
_cGB
_2CC
999 _c675111
_d675111